01197ngm a2200277 u 450000100070000000500170000700700060002400800410003003500110007104000130008204100080009508000060010310000290010924500320013826000460017030000570021652003240027365000130059765000390061065000390064970000340068870000240072270000290074677300800077578700640085563441620240923091344.0vf|||001104s1983 spa  a634416 ccomduadb aspa aV10aKatten, Steven4drtedrt10aComo pensar como un gerente aEstados Unidos :bCRM Productions,c1983. a1 videocasete (25 min.) : son., col. ; 1/2 plg.3VHS3 aResumen: Plantea como pasar de subordinado a gerente, es un cambio radical donde no solo se requiere habilidad administrativa en su desempe?o sino evitar caer en errores, como demaciado control, muy critico o mucho poder en su cargo o delegar sin autoridad entre otros y comenta las diferencias entre jefe y subordinado aGerentes 7aAdministración de personal2lemb 7aAdministración de empresas2lemb10aReynolds, Janice M.4proepro10aReid, Max4auteaut10aTimnons, Kirby4auteaut0 tTrabajo en equipo = Team building: making the task the bossw584333014328708iTítulo/paralelotLearning to think like a managerw634419